|
|
|
|
| LEADER |
01119nam a2200277 a 4500 |
| 001 |
4944741 |
| 008 |
090910s1996 ii b 001 0 eng d |
| 010 |
|
|
|a 96028532
|
| 020 |
|
|
|a 8170365503 (India : cloth)
|
| 020 |
|
|
|a 8170365511 (India : pbk.)
|
| 020 |
|
|
|a 0803993137 (U.S. : cloth)
|
| 020 |
|
|
|a 0803993145 (U.S. : pbk.)
|
| 040 |
|
|
|a DLC
|c DLC
|d DLC
|
| 082 |
0 |
0 |
|a 363.7/00954
|2 20
|
| 100 |
1 |
|
|a Krishna, Sumi.
|
| 245 |
1 |
0 |
|a Environmental politics :
|b people's lives and development choices /
|c Sumi Krishna.
|
| 260 |
|
|
|a New Delhi ;
|a Thousand Oaks, Calif. :
|b Sage Publications,
|c c1996.
|
| 300 |
|
|
|a 303 p. ;
|c 23 cm.
|
| 504 |
|
|
|a Includes bibliographical references (p. [272]-291) and index.
|
| 541 |
1 |
|
|e 00006124
|
| 650 |
|
0 |
|a Environmental policy
|x Economic aspects
|z India.
|
| 650 |
|
0 |
|a Sustainable development
|z India.
|
| 651 |
|
0 |
|a India
|x Economic policy
|y 1991-
|
| 852 |
4 |
|
|a Ayesha Abed Library
|j General shelf
|
| 999 |
|
|
|c 4012
|d 4012
|
| 952 |
|
|
|0 0
|1 0
|2 ddc
|4 0
|6 363_700954000000000_KRI_1996
|7 0
|9 3695
|a BRACUL
|b BRACUL
|c GEN
|d 2009-10-01
|g 252.00
|l 0
|o 363.700954 KRI
|p 3010006124
|r 2009-10-01
|t 1
|v 504.00
|w 2009-10-01
|y BK
|